| 000 | 00706nam a22001937a 4500 | ||
|---|---|---|---|
| 003 | 0 | ||
| 005 | 20240604093144.0 | ||
| 008 | 240604b xxu||||| |||| 00| 0 eng d | ||
| 020 | _a978-621-04-0092-2 | ||
| 050 |
_aHD 30.4 _b.B872019 |
||
| 245 |
_aBusiness research with statistical applications _btextbook and guidebook for doing and writing research/ _cDanilo M. Te [and three others] |
||
| 250 | _aFirst edition | ||
| 260 |
_aQuezon City _bRex Bookstore _c2019 |
||
| 300 |
_axiii, 196 pages _bblack and white illustrations and pictures _c25cm. |
||
| 504 | _aIncludes index and glossary. | ||
| 650 | _aBusiness -- research -- methodology. | ||
| 650 | _aMathematics -- Statistics. | ||
| 942 |
_2lcc _cBK |
||
| 999 |
_c366005 _d366005 |
||